书目信息 |
| 题名: |
小学科学教育的理论与实践
|
|
| 作者: | 楼曙光 著 | |
| 分册: | ||
| 出版信息: | 延吉 延边大学出版社 2019.5 |
|
| 页数: | 218页 | |
| 开本: | 21cm | |
| 丛书名: | ||
| 单 册: | ||
| 中图分类: | G623.62 | |
| 科图分类: | ||
| 主题词: | 科学教育学--教学研究--小学 | |
| 电子资源: | ||
| ISBN: | 978-7-5688-6805-1 | |
| 000 | 00945nam0 2200253 45 | |
| 001 | 012001001950 | |
| 005 | 20140821152120.0 | |
| 010 | @a978-7-5688-6805-1@dCNY40.00 | |
| 099 | @aCAL 012020001496 | |
| 100 | @a20190106d2019 em y0chiy0110 ea | |
| 101 | 0 | @achi |
| 102 | @aCN@b220200 | |
| 105 | @ay a 000yy | |
| 106 | @ar | |
| 200 | 1 | @a小学科学教育的理论与实践@Axiao xue ke xue jiao yu de li lun yu shi jian@f楼曙光著 |
| 210 | @a延吉@c延边大学出版社@d2019.5 | |
| 215 | @a218页@d21cm | |
| 320 | @a有书目 (第215-216) | |
| 330 | @a本书以小学科学教育地理论与实践为线索, 主要阐述了小学科学教育的教学方法啊、小学科学教育的科学过程技能、小学科学教育的知合力、小学科学教育课堂教学实践、小学科学教育课外教学实践等, 以此帮组老师们在科学教育中找对教育方法和方向。 | |
| 606 | 0 | @a科学教育学@x教学研究@x小学 |
| 690 | @aG623.62@v5 | |
| 701 | 0 | @a楼曙光@Alou shu guang@4著 |
| 801 | @aCN@bAHXH@c20210922 | |
| 905 | @b1249799-803@dG623.62@e1504@f5 | |
| 小学科学教育的理论与实践/楼曙光著.-延吉:延边大学出版社,2019.5 |
| 218页;21cm |
| ISBN 978-7-5688-6805-1:CNY40.00 |
| 本书以小学科学教育地理论与实践为线索, 主要阐述了小学科学教育的教学方法啊、小学科学教育的科学过程技能、小学科学教育的知合力、小学科学教育课堂教学实践、小学科学教育课外教学实践等, 以此帮组老师们在科学教育中找对教育方法和方向。 |
| ● |
| 相关链接 |
|
|
|
|
正题名:小学科学教育的理论与实践
索取号:G623.62/1504
 
预约/预借
| 序号 | 登录号 | 条形码 | 馆藏地/架位号 | 状态 | 备注 |
| 1 | 1249799 | 212497993 | 第一样本阅览室/ [索取号:G623.62/1504] | 在馆 | |
| 2 | 1249800 | 212498000 | 教育系资料室/ [索取号:G623.62/1504] | 在馆 | |
| 3 | 1249801 | 212498019 | 教育系资料室/ [索取号:G623.62/1504] | 在馆 | |
| 4 | 1249802 | 212498028 | 第四借阅区/ [索取号:G623.62/1504] | 在馆 | |
| 5 | 1249803 | 212498037 | 第四借阅区/ [索取号:G623.62/1504] | 在馆 |